Statistics for Constellation Chaos

Click here to take the quiz!

General Stats

  • This quiz has been taken 6 times
  • The average score is 25 of 88

Answer Stats

HintAnswer% Correct
37Gemini
80%
59Orion
80%
1Andromeda
60%
4Aquarius
60%
12Cancer
60%
41Hydra
60%
45Leo
60%
46Leo Minor
60%
71Sagitta
60%
72Sagittarius
60%
73Scorpius
60%
78Taurus
60%
79Telescopium
60%
80 — Almost there!Triangulum
60%
86Virgo
60%
3Apus
40%
5Aquila
40%
8Auriga
40%
9Boötes
40%
14Canis Major
40%
15Canis Minor
40%
17Carina
40%
18Cassiopeia
40%
19Centaurus
40%
20Cepheus
40%
25Corona Australis
40%
26Corona Borealis
40%
29Crux
40%
30Cygnus
40%
33Draco
40%
36Fornax
40%
39Hercules
40%
42Hydrus
40%
44 — Halfway there!Lacerta
40%
48Libra
40%
51Lyra
40%
53Microscopium
40%
64Pisces
40%
65Piscis Austrinus
40%
75Scutum
40%
81Triangulum Australe
40%
84Ursa Minor
40%
85Vela
40%
2Antlia
20%
6Ara
20%
10Caelum
20%
11Camelopardalis
20%
21Cetus
20%
27Corvus
20%
28Crater
20%
31Delphinus
20%
34Equuleus
20%
35Eridanus
20%
38Grus
20%
40Horologium
20%
43Indus
20%
47Lepus
20%
49Lupus
20%
50Lynx
20%
60Pegasus
20%
61Perseus
20%
68Puppis
20%
69Pyxis
20%
74Sculptor
20%
76Serpens
20%
83Ursa Major
20%
7Aires
0%
13Canes Venatici
0%
16Capricornis
0%
22Chamaeleon
0%
23Circinus
0%
24Columba
0%
32Dorado
0%
52Mensa
0%
54Monoceros
0%
55Musca
0%
56Norma
0%
57Octans
0%
58Ophiuchus
0%
62Pheonix
0%
63Pictor
0%
66Pleiades
0%
67Praesepe
0%
70Reticulum
0%
77Sextans
0%
82Tucana
0%
87Volans
0%
88 — Done!Vulpeca
0%

Score Distribution

Percentile by Number Answered

Percent of People with Each Score

Your Score History

You have not taken this quiz